| Tag |
First Indicator |
Second Indicator |
Subfields |
| LEADER |
00000cam a22000001a 4500 |
| 001 |
in00003374039 |
| 006 |
m d f |
| 007 |
cr bn mmmapmmp |
| 008 |
100703s1992 dcu o f000 0 eng d |
| 005 |
20260429204944.1 |
| 035 |
|
|
|a cis2007885448
|
| 040 |
|
|
|a ProQuest
|c ProQuest
|d UtOrBLW
|
| 043 |
|
|
|a n-us---
|
| 099 |
|
|
|a CRS-1992-ENR-0059
|
| 110 |
2 |
|
|a Library of Congress.
|b Congressional Research Service.
|
| 245 |
1 |
0 |
|a U.S. Nuclear Cooperation with Poland.
|
| 264 |
|
1 |
|a [Place of publication not identified] :
|b [publisher not identified],
|c 1992.
|
| 300 |
|
|
|a 1 online resource.
|
| 336 |
|
|
|a text
|b txt
|2 rdacontent
|
| 337 |
|
|
|a computer
|b c
|2 rdamedia
|
| 338 |
|
|
|a online resource
|b cr
|2 rdacarrier
|
| 500 |
|
|
|a Record is based on bibliographic data in ProQuest U.S. Congressional Research Digital Collection (last viewed July 2010). Reuse except for individual research requires license from ProQuest, LLC.
|
| 500 |
|
|
|a CRS Report.
|
| 520 |
|
|
|a Discusses terms of the Bush Administration proposed agreement with Poland for peaceful uses of nuclear energy, reviews conditions and prospects for approval by Congress, and considers implications for similar agreements with the former Soviet republics. Includes summary of the nine criteria for a nuclear agreement set forth in Atomic Energy Act of 1954.
|
| 500 |
|
|
|a Electronic resource.
|
| 610 |
2 |
0 |
|a Commonwealth of Independent States.
|
| 650 |
|
0 |
|a Nuclear energy.
|
| 650 |
|
0 |
|a Treaties.
|
| 655 |
|
7 |
|a Electronic books.
|2 local
|
| 710 |
2 |
|
|a ProQuest (Firm)
|
| 776 |
0 |
8 |
|i Microfiche version:
|a Library of Congress. Congressional Research Service.
|t U.S. Nuclear Cooperation with Poland
|
| 830 |
|
0 |
|a U.S. Congressional Research.
|
| 856 |
4 |
0 |
|u http://proxy.library.tamu.edu/login?url=https://congressional.proquest.com/congcomp/getdoc?CRDC-ID=CRS-1992-ENR-0059
|z Connect to the full text of this electronic book
|t 0
|
| 999 |
|
|
|a MARS
|
| 999 |
f |
f |
|s 00edacb8-ceac-310a-8321-e4b1a2a2b79e
|i 322f62c7-3fe3-38df-8783-33f8c81da535
|t 0
|
| 952 |
f |
f |
|a Texas A&M University
|b College Station
|c Electronic Resources
|s www_evans
|d Available Online
|t 0
|e CRS-1992-ENR-0059
|h Other scheme
|
| 998 |
f |
f |
|a CRS-1992-ENR-0059
|t 0
|l Available Online
|